000 00396nam a2200145 i 4500
001 30481
003 ES-MaACL
007 t|
008 030124s1911 fr ||||1| fre d
100 1 _aBelot, Emile.
_927317
245 1 0 _aEssai de cosmogonie tourbillonnaire /
_cpar Emile Belot.
260 _aParĂ­s :
_bGauthier-Villars,
_c1911.
300 _aXI, 280 p. ;
_c25 cm.
852 _aES-MaACL
_jB-4505
999 _c30481
_d30481